Armas y objetos de bronce extraidos en los dragados del puerto de Huelva / (Record no. 129332)

MARC details
000 -LEADER
campo de control de longitud fija 00586nam a2200169 i 4500
001 - NÚMERO DE CONTROL
campo de control 129332
003 - IDENTIFICADOR DE NÚMERO DE CONTROL
campo de control ES-MaACL
005 - FECHA Y HORA DE LA ÚLTIMA TRANSACCIÓN
campo de control 20230906193500.0
007 - CAMPO FIJO DE DESCRIPCIÓN FÍSICA--INFORMACIÓN GENERAL
campo de control de longitud fija t|
008 - DATOS DE LONGITUD FIJA--INFORMACIÓN GENERAL
campo de control de longitud fija 070612s1944 sp ||||1| spa d
100 1# - ENTRADA PRINCIPAL--NOMBRE DE PERSONA
Nombre de persona Terrero, José.
9 (RLIN) 109785
245 10 - MENCIÓN DEL TÍTULO
Título Armas y objetos de bronce extraidos en los dragados del puerto de Huelva /
Mención de responsabilidad, etc. José Terrero.
260 ## - PUBLICACIÓN, DISTRIBUCIÓN, ETC.
Lugar de publicación, distribución, etc. Madrid :
Nombre del editor, distribuidor, etc. [Junta de Obras y Servicios del Puerto de Huelva],
Fecha de publicación, distribución, etc. 1944.
300 ## - DESCRIPCIÓN FÍSICA
Extensión 21 p. :
Otras características físicas il. ;
Dimensiones 25 cm.
710 2# - ENTRADA AGREGADA--NOMBRE DE ENTIDAD CORPORATIVA
Nombre de entidad corporativa o nombre de jurisdicción como elemento de entrada Junta de Obras y Servicios del Puerto de Huelva.
9 (RLIN) 5399
852 ## - LOCALIZACIÓN
Ubicación ES-MaACL
Número de control de estantería 1603-F-23
Sublocalización o colección R.21919
Holdings
Estatus retirado Estado de pérdida Estado de daño No para préstamo Colección Biblioteca de origen Biblioteca actual Ubicación en estantería Fecha de adquisición Fuente de adquisición Total de préstamos Signatura topográfica completa Código de barras Visto por última vez Precio de reemplazo Tipo de ítem Koha
        Colección de folletos Biblioteca del Ateneo de Madrid Biblioteca del Ateneo de Madrid Depósito folletos 17/01/2008     1603-F-23 1134683 23/02/2023 23/02/2023 Folleto